[Event "38th Olympiad"]
[Site "Dresden GER"]
[Date "2008.11.22"]
[Round "9"]
[White "Rowe,P"]
[Black "Georgiev,Ves"]
[Result "0-1"]
[WhiteElo "2053"]
[BlackElo "2372"]
[EventDate "2008.11.13"]

1. d4 g6 2. Nf3 Bg7 3. Bf4 d6 4. h3 c5 5. e3 Nd7 6. c3 b6 7. Be2 Bb7 8. O-O
Ngf6 9. Nbd2 O-O 10. a4 a6 11. Bh2 Qc7 12. Qb1 Rac8 13. Rc1 Qb8 14. Qa2 Qa8
15. Ne1 h6 16. Bf3 Rc7 17. Rc2 Rfc8 18. Rac1 Bxf3 19. Nexf3 Qb7 20. c4 cxd4
21. exd4 Ne4 22. b3 Nf8 23. Nxe4 Qxe4 24. Re1 Qf5 25. Rce2 Bf6 26. Qd2 g5
27. Qc2 Qxc2 28. Rxc2 Ne6 29. Rce2 Rb7 30. d5 Nc5 31. Nd2 Bc3 32. Rb1 Bxd2
33. Rxd2 b5 34. axb5 axb5 35. Rc2 Rcb8 36. b4 bxc4 37. Rxc4 Nd3 38. Bg3
Rxb4 39. Rbxb4 Nxb4 40. h4 Nxd5 41. hxg5 hxg5 42. Kh2 f5 43. Rd4 Rb5 44. f3
Kf7 45. Be1 e5 46. Rd2 Ke6 47. Ra2 Ne3 48. Kg3 Rb1 49. Re2 d5 50. Bd2 f4+
51. Kh2 Nf1+ 0-1

[Event "38th Olympiad"]
[Site "Dresden GER"]
[Date "2008.11.22"]
[Round "9"]
[White "Parfenov,P"]
[Black "Hamperl,F"]
[Result "1-0"]
[WhiteElo "2252"]
[BlackElo "2076"]
[EventDate "2008.11.13"]

1. d4 Nf6 2. Nf3 c5 3. d5 e6 4. Nc3 exd5 5. Nxd5 Nxd5 6. Qxd5 Nc6 7. e4 d6
8. Ng5 Qf6 9. Bc4 Nd8 10. Bb5+ Bd7 11. Bxd7+ Kxd7 12. O-O h6 13. Nf3 Nc6
14. Rd1 Kc7 15. c3 Rd8 16. Be3 Be7 17. b4 Qe6 18. Qd3 Kb8 19. Rab1 Ne5 20.
Qe2 g5 21. Rd5 Ng4 22. bxc5 Nxe3 23. Qa6 Rd7 24. c6 b6 25. Rxb6+ axb6 26.
Qxb6+ Kc8 27. Qa6+ Kc7 28. Qb7+ Kd8 29. Qb8+ 1-0

[Event "38th Olympiad"]
[Site "Dresden GER"]
[Date "2008.11.22"]
[Round "9"]
[White "Zaynidinov,S"]
[Black "Kirby,P"]
[Result "1-0"]
[WhiteElo "2035"]
[BlackElo "2049"]
[EventDate "2008.11.13"]

1. c4 Nf6 2. Nc3 d5 3. cxd5 Nxd5 4. Nf3 g6 5. e4 Nxc3 6. dxc3 Qxd1+ 7. Kxd1
Nd7 8. Be3 e5 9. Kc2 f6 10. Nd2 Bc5 11. Bxc5 Nxc5 12. b4 Ne6 13. Bc4 Bd7
14. g3 Ke7 15. Rhe1 Rhd8 16. Nb3 b6 17. Bd5 c6 18. Bc4 Nc7 19. f3 Be6 20.
Bxe6 Nxe6 21. Rad1 Rxd1 22. Rxd1 Rd8 23. Rd3 Rxd3 24. Kxd3 Kd6 25. a4 a6
26. Nd2 c5 27. b5 axb5 28. axb5 Nd8 29. Nc4+ Kc7 30. Ne3 Kd6 31. Nd5 f5 32.
Nxb6 Nb7 33. Nc4+ Ke6 34. Kc2 f4 35. g4 h5 36. gxh5 gxh5 37. h4 Nd8 38. Kb3
Nf7 39. Ka4 Ng5 40. hxg5 h4 41. Nd2 1-0

[Event "38th Olympiad"]
[Site "Dresden GER"]
[Date "2008.11.22"]
[Round "9"]
[White "Belzo,K"]
[Black "Phillips,R"]
[Result "0-1"]
[WhiteElo "1993"]
[BlackElo "2250"]
[EventDate "2008.11.13"]

1. g3 g6 2. Bg2 Bg7 3. c4 c5 4. Nc3 Nc6 5. e3 e5 6. Nge2 Nge7 7. O-O d6 8.
d4 exd4 9. exd4 cxd4 10. Nd5 Nf5 11. Bg5 Qxg5 12. Nc7+ Kf8 13. Nxa8 Qd8 14.
Qa4 Bd7 15. Bxc6 Bxc6 16. Qxa7 d3 17. Nf4 Bd4 18. Qa3 Kg7 19. Qxd3 h5 20.
Nd5 Bxd5 21. cxd5 Qxa8 22. Qd2 b6 23. a4 Qxd5 24. Rfe1 h4 25. Qf4 hxg3 26.
Re4 Bxf2+ 0-1

[Event "38th Olympiad"]
[Site "Dresden GER"]
[Date "2008.11.22"]
[Round "9"]
[White "Seegolam,P"]
[Black "Hawes,J"]
[Result "1/2-1/2"]
[WhiteElo "2066"]
[BlackElo "2174"]
[EventDate "2008.11.13"]

1. e4 d6 2. d4 Nf6 3. Nc3 g6 4. f4 Bg7 5. Nf3 c6 6. Be2 Bg4 7. O-O Qb6 8.
h3 Bxf3 9. Bxf3 e5 10. fxe5 dxe5 11. Ne2 Nbd7 12. Kh1 O-O 13. c3 Rfe8 14.
Qc2 h6 15. a4 a6 16. a5 Qc7 17. Be3 c5 18. d5 Red8 19. c4 Ne8 20. g4 Nd6
21. Bg2 Bf8 22. Ng3 b5 23. axb6 Nxb6 24. b3 Nb7 25. Ra2 Rd6 26. Qf2 a5 27.
Qc2 Nc8 28. Rfa1 Rda6 29. Qd2 Kh7 30. Bf1 Ncd6 31. Qh2 Qb6 32. Qc2 Qd8 33.
Qf2 Qh4 34. Kg2 Kg8 35. Bd3 Be7 36. Qf3 Bf8 37. Bf2 Qe7 38. h4 Ne8 39. h5
Rf6 40. Qe2 Qd7 41. Be3 g5 42. Bd2 Rfa6 43. Bc3 f6 44. Nf5 Ned6 45. Ne3 Be7
46. Bc2 Qc7 47. Rf1 Qd7 48. Raa1 Kg7 49. Rf2 Nd8 50. Raf1 N8f7 51. Kg3 Re8
52. Nd1 Nb7 53. Nb2 Nfd6 54. Na4 Qc7 55. Qd2 Bd8 56. Rf3 Nf7 57. Qf2 Be7
58. Bd2 Rf8 59. Be3 Raa8 60. Rxf6 Bxf6 61. Qxf6+ Kg8 62. Qg6+ Kh8 63. Bxc5
Nxc5 64. Nxc5 Qxc5 65. Qf6+ Kh7 66. Qg6+ 1/2-1/2

[Event "38th Olympiad"]
[Site "Dresden GER"]
[Date "2008.11.22"]
[Round "9"]
[White "Veer,W"]
[Black "Jere,D"]
[Result "0-1"]
[WhiteElo "1959"]
[BlackElo "2240"]
[EventDate "2008.11.13"]

1. d4 Nf6 2. Nf3 g6 3. e3 Bg7 4. Bd3 d6 5. O-O O-O 6. Nbd2 c5 7. c3 Nc6 8.
Qc2 Bd7 9. Re1 Rc8 10. dxc5 dxc5 11. b3 Nd5 12. Bb2 Ncb4 13. cxb4 Nxb4 14.
Qb1 Bxb2 15. Qxb2 Nxd3 16. Qc3 Nxe1 17. Rxe1 Bc6 18. Ne5 f6 19. Nxc6 Rxc6
20. f3 Qd5 21. Kf2 Rd8 22. Re2 b5 23. Ne4 Qe5 24. Qa5 Qb8 25. Rc2 Qb6 26.
Qa3 f5 27. Nxc5 b4 28. Ke2 0-1

[Event "38th Olympiad"]
[Site "Dresden GER"]
[Date "2008.11.22"]
[Round "9"]
[White "Kawuma,S"]
[Black "Ho Men Wei"]
[Result "1-0"]
[WhiteElo "2156"]
[BlackElo "1550"]
[EventDate "2008.11.13"]

1. e4 e5 2. Nf3 Nc6 3. Bc4 Nf6 4. d3 Bc5 5. c3 O-O 6. Bg5 h6 7. Bh4 d6 8.
Bb3 Bg4 9. h3 Bh5 10. g4 Bg6 11. Qe2 Qe7 12. Nbd2 Nd8 13. O-O-O Ne6 14. Nf1
Nf4 15. Qc2 c6 16. Ne3 b5 17. Nf5 Bxf5 18. gxf5 Ng2 19. Rhg1 Nxh4 20. Nxh4
Kh7 21. Qe2 a5 22. Rg2 b4 23. d4 exd4 24. cxd4 Bb6 25. e5 Ne8 26. f6 Qd7
27. e6 fxe6 28. Qe4+ Kh8 29. Ng6+ Kg8 30. Bxe6+ Qxe6 31. Qxe6+ Rf7 32. Nh8
Kxh8 33. Qxf7 g5 34. Re1 Nxf6 35. Qxf6+ Kg8 36. Re7 Bxd4 37. Rg7+ Kh8 38.
Qxh6+ 1-0

[Event "38th Olympiad"]
[Site "Dresden GER"]
[Date "2008.11.22"]
[Round "9"]
[White "Van Tilbury,C"]
[Black "Pesqueira,J"]
[Result "1-0"]
[WhiteElo "2280"]
[BlackElo "1985"]
[EventDate "2008.11.13"]

1. d4 d5 2. c4 e6 3. Nc3 Nf6 4. Bg5 Nbd7 5. cxd5 exd5 6. e3 c6 7. Bd3 Be7
8. Qc2 O-O 9. Nge2 Re8 10. O-O-O Nf8 11. Kb1 Bd7 12. Ng3 a5 13. Nf5 Bxf5
14. Bxf5 Ne4 15. Bxe4 dxe4 16. Bf4 Ng6 17. Bg3 f5 18. Qb3+ Kh8 19. Qxb7 Qc8
20. Qxc8 Rexc8 21. d5 Bf6 22. Na4 Ra6 23. Rc1 Ne7 24. Rhd1 Rd8 25. dxc6
Nxc6 26. Rxd8+ Bxd8 27. Nc5 Ra8 28. Nxe4 Nb4 29. Nd6 Bf6 30. Rd1 g6 31. Be5
Bxe5 32. Nf7+ Kg7 33. Nxe5 Kf6 34. f4 Rc8 35. a3 Nc2 36. Rc1 Nxa3+ 37. bxa3
1-0

[Event "38th Olympiad"]
[Site "Dresden GER"]
[Date "2008.11.22"]
[Round "9"]
[White "Lopez,Jus"]
[Black "Hook,W"]
[Result "1-0"]
[WhiteElo "1948"]
[BlackElo "2035"]
[EventDate "2008.11.13"]

1. e4 d6 2. d4 Nf6 3. Nc3 g6 4. Be2 Bg7 5. h4 h5 6. Bg5 Nbd7 7. Nf3 Ng4 8.
Qd2 f6 9. Be3 Nxe3 10. Qxe3 Bh6 11. Qd3 Nb6 12. Nd1 Kf7 13. Ne3 c6 14. O-O
Kg7 15. b3 Be6 16. c4 Nd7 17. Qc3 Rf8 18. Rad1 Qc7 19. d5 Bg8 20. dxc6 bxc6
21. Nd4 Nc5 22. Bf3 e5 23. Ndc2 a5 24. Qd2 Rad8 25. Qe2 f5 26. exf5 e4 27.
Bxh5 gxh5 28. Qxh5 Bf7 29. Qg4+ Kh7 30. Qh3 Bf4 31. g3 Be5 32. Ne1 Bh5 33.
g4 Rg8 34. Kh1 Bf7 35. f4 exf3 36. Nxf3 d5 37. cxd5 Bxd5 38. Nxd5 Rxd5 39.
Ng5+ Kh8 40. Rxd5 cxd5 41. Rc1 d4 42. Qf3 Qe7 43. Re1 Rf8 44. Qd5 Nd3 45.
Re2 Re8 46. Qc4 Qb7+ 47. Kg1 Rc8 48. Nf7+ Kg7 49. Qxd3 Rc1+ 50. Kf2 Qh1 51.
Nxe5 Rf1+ 52. Kg3 Rg1+ 53. Kf4 Qxh4 54. Qxd4 Rf1+ 55. Nf3+ 1-0

[Event "38th Olympiad"]
[Site "Dresden GER"]
[Date "2008.11.22"]
[Round "9"]
[White "Lettsome,M"]
[Black "Gerard,F"]
[Result "0-1"]
[WhiteElo "1812"]
[BlackElo "2170"]
[EventDate "2008.11.13"]

1. e4 c5 2. Nf3 d6 3. d4 cxd4 4. Nxd4 g6 5. Nc3 Bg7 6. Be3 Nc6 7. f3 Nf6 8.
Qd2 h5 9. h4 a6 10. Bc4 Ne5 11. Bb3 b5 12. O-O-O Bb7 13. Kb1 Rc8 14. Nde2
Nc4 15. Qc1 Qa5 16. Rd3 Nd7 17. Bd4 Nde5 18. Rdd1 Bh6 19. f4 O-O 20. Rdf1
Ng4 21. Rf3 e5 22. Bf2 Nf6 23. Qe1 Nxe4 24. Bxc4 Rxc4 25. Nxe4 Qxe1+ 26.
Rxe1 Bxe4 27. Rc3 Rxc3 28. Nxc3 Bxg2 29. fxe5 Bd2 30. Rd1 Bxc3 31. bxc3
dxe5 32. Be3 Kg7 33. Rd2 Bf1 34. Rd7 Rc8 35. Kb2 Bc4 36. Re7 Be6 37. Ra7
Rc4 38. Bg5 Ra4 39. a3 e4 40. Be3 Kf6 41. Rc7 Rc4 42. Ra7 Rc6 43. Ra8 Kf5
44. Rd8 Bc4 45. Re8 Re6 46. Rxe6 Kxe6 47. Kc1 Kf5 48. Kd2 Kg4 49. Bg5 Kf3
50. Bf6 e3+ 51. Ke1 Ke4 52. Kd1 Kf5 53. Bg5 e2+ 54. Kd2 f6 55. Be3 g5 56.
Bf2 Ke4 57. Be3 Ke5 0-1

[Event "38th Olympiad"]
[Site "Dresden GER"]
[Date "2008.11.22"]
[Round "9"]
[White "Yarmonov,I"]
[Black "Danielsen,Hen"]
[Result "1-0"]
[WhiteElo "2322"]
[BlackElo "2492"]
[EventDate "2008.11.13"]

1. d4 d6 2. c4 e5 3. dxe5 dxe5 4. Qxd8+ Kxd8 5. Nc3 c6 6. g3 Be6 7. b3 Nd7
8. Bb2 Nh6 9. Bh3 Bxh3 10. Nxh3 f6 11. e3 Kc7 12. Ke2 Nc5 13. f3 a5 14. Nf2
a4 15. Nce4 axb3 16. Nxc5 Bxc5 17. Nd3 Ba3 18. axb3 Bxb2 19. Nxb2 Nf7 20.
c5 h5 21. Nc4 Rhd8 22. h4 Rxa1 23. Rxa1 Kb8 24. b4 Kc7 25. Ra3 Re8 26. Nd2
Rd8 27. Ne4 Rh8 28. Ra1 Kb8 29. Rh1 f5 30. Nd2 Kc7 31. Rg1 g5 32. hxg5 Nxg5
33. Rh1 Kd7 34. Nc4 e4 35. Rd1+ Kc7 36. f4 Nf3 37. Nb6 Kb8 38. Rd7 h4 39.
gxh4 Ka7 40. Rf7 Ka6 41. Nc4 Kb5 42. Nd6+ Kxb4 43. Rxf5 Nxh4 44. Re5 Ra8
45. Nxe4 Ra2+ 46. Kf1 Nf3 47. Re7 Kc4 48. Rd7 Rb2 49. f5 Ne5 50. Rd4+ Kb3
51. f6 Rh2 52. Nd6 Rh3 53. Re4 Nd7 54. f7 Rf3+ 55. Ke2 Rf6 56. Re8 Kb4 57.
Rd8 Rxf7 58. Nxf7 Nxc5 59. Ng5 Kb5 60. e4 Kb6 61. e5 Kc7 62. Rd4 1-0

[Event "38th Olympiad"]
[Site "Dresden GER"]
[Date "2008.11.22"]
[Round "9"]
[White "Kristjansson,St"]
[Black "Bondarets,V"]
[Result "1-0"]
[WhiteElo "2474"]
[BlackElo "2345"]
[EventDate "2008.11.13"]

1. e4 d5 2. exd5 Qxd5 3. Nc3 Qa5 4. d4 Nf6 5. Bd3 Nc6 6. Nge2 Nb4 7. Bc4
Bf5 8. Bb3 e6 9. Bd2 Qa6 10. Ng3 Bg6 11. a3 Nc6 12. Nce2 O-O-O 13. c3 Na5
14. Ba2 Nc4 15. Bc1 Ne5 16. O-O Nd3 17. b4 Nxc1 18. Qxc1 Bd3 19. c4 Nh5 20.
Rd1 Nxg3 21. Nxg3 Bg6 22. c5 Qa4 23. Qc3 Be7 24. Bb3 Qc6 25. a4 Bf6 26. Qe3
Qd7 27. Ne2 Qe7 28. a5 e5 29. d5 e4 30. Nd4 Bg5 31. Qe2 e3 32. f4 Bf6 33.
a6 Bxd4 34. axb7+ Kb8 35. Rxd4 Qf6 36. Rdd1 Rhe8 37. g3 Bh5 38. Qxh5 e2 39.
Re1 Qd4+ 40. Kg2 Re3 41. Qxf7 Qe4+ 42. Kh3 Rxb3 43. d6 cxd6 44. Rxa7 1-0

[Event "38th Olympiad"]
[Site "Dresden GER"]
[Date "2008.11.22"]
[Round "9"]
[White "Faulks,N"]
[Black "Meier,K"]
[Result "1/2-1/2"]
[WhiteElo "2100"]
[BlackElo "2037"]
[EventDate "2008.11.13"]

1. e4 c5 2. Nf3 g6 3. d4 cxd4 4. Nxd4 Bg7 5. c4 Nc6 6. Nc2 Nf6 7. Nc3 O-O
8. Be2 d6 9. O-O Be6 10. Bd2 Rc8 11. f4 Qd7 12. h3 h5 13. Qe1 Ne8 14. Qg3
Nd4 15. Nxd4 Bxd4+ 16. Kh1 Bxc4 17. Bxh5 Bxf1 18. Bg4 Bxg2+ 19. Qxg2 e6 20.
f5 Ng7 21. Rf1 exf5 22. exf5 Bxc3 23. Bxc3 Rxc3 24. bxc3 Qc6 25. Bf3 Qe8
26. fxg6 fxg6 27. Bd5+ Kh7 28. Rg1 Rf6 29. Bxb7 Qe3 30. Be4 Qh6 31. Rb1 Qe3
32. Rg1 Qh6 33. Rb1 Qh4 34. Rg1 Qh5 35. Qg4 Qxg4 36. Rxg4 Ne6 37. Bd5 Nc5
38. Kg2 Rf8 39. Be4 Rf6 40. Bd5 Kh6 41. c4 Rf8 42. Be4 g5 43. h4 Rg8 44.
Bd5 Rg7 45. Kf3 Nd3 46. Rxg5 Rxg5 47. hxg5+ Kxg5 48. Ke4 Nc5+ 49. Kd4 Kf4
50. Bf7 Kf5 51. Kd5 Kf6 52. Bg8 Ke7 53. Kc6 a5 54. Bd5 Na4 55. a3 Nc3 56.
Kb6 a4 57. Ka5 Kd7 58. Kb4 Ne2 59. Kxa4 Kc7 60. Ka5 Nd4 61. Ka6 Nb3 62. a4
Nd4 63. a5 Nb3 64. Kb5 Nd4+ 65. Kb4 Nf5 66. Kc3 Ne7 67. Kd4 Nc8 68. Ke4 Na7
69. Kf5 Kd7 70. Kf6 Kc7 71. Ke7 Nc8+ 72. Ke8 Na7 73. Ke7 Nc8+ 74. Ke6 Na7
75. Bf3 Nc8 76. Kd5 Ne7+ 77. Ke6 Nc8 78. a6 Kb8 79. Kd7 Nb6+ 80. Kc6 Nxc4
81. Be2 d5 82. Kc5 d4 1/2-1/2

[Event "38th Olympiad"]
[Site "Dresden GER"]
[Date "2008.11.22"]
[Round "9"]
[White "Meier,P SEY"]
[Black "Bradshaw,K"]
[Result "1-0"]
[WhiteElo "2002"]
[BlackElo "1835"]
[EventDate "2008.11.13"]

1. d4 Nf6 2. c4 d6 3. g3 g6 4. Bg2 Bg7 5. e4 O-O 6. Ne2 c5 7. d5 Nbd7 8.
O-O Ne5 9. Qc2 a6 10. f4 Ned7 11. a4 Qe8 12. h3 e6 13. Ra3 exd5 14. cxd5 b6
15. g4 Qe7 16. Ng3 Bb7 17. e5 Nxd5 18. Qd2 dxe5 19. Bxd5 Bxd5 20. Qxd5 exf4
21. Bxf4 Bd4+ 22. Kh1 Nf6 23. Qg2 Qe6 24. Nf5 Rad8 25. Bg5 gxf5 26. Raf3
Kh8 27. Rxf5 Nd5 28. Bxd8 Rxd8 29. Rxf7 Ne3 30. Rf8+ Rxf8 31. Rxf8+ Kg7 32.
Qf3 Nd5 33. Nd2 Nf6 34. Rb8 Qe1+ 35. Nf1 Qe5 36. Rb7+ Kh6 37. Rxb6 Kg5 38.
Rxa6 Bxb2 39. Ne3 Ne4 40. h4+ Kxh4 41. Rh6+ Kg5 42. Rh5+ 1-0